England National Football Team Opponents 2010-2019 - Statistics

General Stats
  • This quiz has been taken 41 times
  • The average score is 99 of 120
Answer Stats
Modern Confederation Year + Result Country % Correct
UEFA 2016 1-1 D Russia
100%
UEFA 2012 1-0 W | 2018 1-0 L | 2018 2-0 L Belgium
97%
CONMEBOL 2013 2-1 W | 2013 2-2 D | 2017 0-0 D Brazil
97%
UEFA 2010 2-1 L | 2012 1-1 D | 2015 2-0 W | 2017 3-2 L France
97%
CONCACAF 2010 1-1 D | 2018 3-0 W USA
97%
UEFA 2010 4-1 L | 2013 1-0 L | 2016 3-2 W | +2 others Germany
94%
UEFA 2010 1-0 W | 2014 3-1 W | 2015 3-2 W | +2 others Slovenia
94%
UEFA 2011 1-0 W | 2015 2-0 L | 2016 2-2 D | +2 others Spain
94%
UEFA 2011 1-0 W | 2012 3-2 W | 2012 4-2 L | 2018 2-0 W Sweden
94%
UEFA 2018 0-0 D | 2018 2-1 L | 2018 2-1 W Croatia
91%
UEFA 2012 0-0 D | 2012 2-1 W | 2014 2-1 L | +2 others Italy
91%
UEFA 2012 1-0 W | 2014 1-0 W Norway
91%
UEFA 2016 1-0 W Portugal
91%
UEFA 2016 0-0 D | 2016 1-0 W | 2017 2-1 W Slovakia
91%
UEFA 2011 1-0 W | 2011 2-0 W | 2016 2-1 W Wales
91%
CONMEBOL 2018 1-1 D Colombia
88%
UEFA 2012 3-2 L | 2016 2-1 L | 2018 1-0 W | 2019 3-1 L Netherlands
88%
UEFA 2013 1-1 D | 2015 0-0 D Ireland
85%
AFC 2010 2-1 W Japan
85%
CONCACAF 2010 3-1 W Mexico
85%
UEFA 2012 5-0 W | 2013 8-0 W | 2014 5-0 W | 2015 6-0 W San Marino
85%
UEFA 2013 3-2 W | 2014 3-1 W | 2016 3-0 W | 2017 2-2 D Scotland
85%
CAF 2010 0-0 D Algeria
82%
UEFA 2011 2-1 W | 2014 1-0 W Denmark
82%
UEFA 2010 2-1 W Hungary
82%
UEFA 2010 3-1 W | 2011 2-2 D | 2014 2-0 W | +3 others Switzerland
82%
AFC 2016 2-1 W Australia
79%
CONMEBOL 2013 2-0 L Chile
76%
CAF 2010 3-1 W Egypt
76%
CONCACAF 2018 6-1 W Panama
76%
UEFA 2012 1-1 D | 2013 2-0 W Poland
76%
UEFA 2012 1-0 W | 2012 1-1 D | 2013 0-0 D Ukraine
76%
CONMEBOL 2014 2-1 L Uruguay
76%
UEFA 2010 4-0 W | 2011 3-0 W | 2019 4-0 W | 2019 6-0 W Bulgaria
73%
CONCACAF 2014 0-0 D | 2018 2-0 W Costa Rica
73%
CAF 2011 1-1 D Ghana
73%
UEFA 2016 2-1 L Iceland
73%
UEFA 2015 3-0 W | 2015 4-0 W | 2017 1-0 W | 2017 2-0 W Lithuania
73%
UEFA 2019 2-1 L | 2019 5-0 W Czech Republic
70%
UEFA 2010 0-0 D | 2011 2-2 D | 2013 1-1 D | +3 others Montenegro
70%
UEFA 2019 4-0 W | 2019 5-3 W Kosovo
67%
CAF 2018 2-1 W Tunisia
67%
UEFA 2014 1-0 W | 2015 2-0 W Estonia
64%
UEFA 2016 2-1 W Turkey
64%
CAF 2018 2-1 W Nigeria
61%
CONMEBOL 2014 3-0 W Peru
61%
CONMEBOL 2014 2-2 D Ecuador
58%
UEFA 2016 2-0 W | 2017 4-0 W Malta
58%
CONCACAF 2014 0-0 D Honduras
48%
UEFA 2012 5-0 W | 2013 4-0 W Moldova
45%
No matching quizzes found
Score Distribution
Percent of People with Each Score
Percentile by Number Answered
Your Score History
You have not taken this quiz